| 000 | 01491nam a22003975a 4500 | ||
|---|---|---|---|
| 003 | EG-ScBUE | ||
| 005 | 20220705101025.0 | ||
| 006 | m||||f ||z 00| 0 | ||
| 008 | 171228s2003 -hka f d 000 0 eng d | ||
| 020 | _a9789620052637 | ||
| 020 | _a9620052633 | ||
| 040 |
_aEG-ScBUE _beng _erda _cEG-ScBUE _dEG-ScBUE |
||
| 082 | 0 | 4 |
_222 _a428.412 _bDAY |
| 100 | 1 |
_aDay, Richard R., _eauthor. _935186 |
|
| 245 | 1 | 0 |
_aImpact values : _b30 discussion topics to help you explore your own values / _cRichard Day, Junko Yamanaka, Joseph Shaules. |
| 246 | 3 |
_aImpact values : _bthirteen discussion topics to help you explore your own values |
|
| 264 | 1 |
_aQuarry Bay, Hong Kong : _bLongman Asia ELT, _c2003. |
|
| 300 |
_a96 pages : _billustrations ; _c24 cm. + _e1 CD |
||
| 336 |
_2rdacontent _atext _btxt |
||
| 336 |
_2rdacontent _asounds _bsnd |
||
| 337 |
_2rdamedia _aunmediated _bn |
||
| 337 |
_2rdamedia _aaudio _bs |
||
| 338 |
_2rdacarrier _avolume _bnc |
||
| 338 |
_2rdacarrier _acomputer disc _bcd |
||
| 490 | 0 | _aImpact series | |
| 500 | _aIncludes glossary. | ||
| 650 | 7 |
_aListening _vProblems, exercises, etc. _2BUEsh _910349 |
|
| 650 | 7 |
_934 _aEnglish language _xStudy and teaching _xForeign speakers. _2BUEsh |
|
| 650 | 0 |
_943 _aEnglish language _vTextbooks for foreign speakers. _2BUEsh |
|
| 651 | _2BUEsh | ||
| 653 |
_bHHUUEENN _bGGEN _cDecember2017 |
||
| 655 |
_vReading book _934232 |
||
| 700 | 1 |
_aYamanaka, Junko, _eauthor. _9113 |
|
| 700 | 1 |
_aShaules, Joseph, _eauthor. |
|
| 942 |
_2ddc _cBB |
||
| 999 |
_c25830 _d25802 |
||